000 01035nam0a22002771 4500
001 rc\4570999
005 20130416190047.8
021 _aRU
_bП211-65
035 _a(NLR Aleph) 008374277
090 _a9077414
_c9077414
100 _a20130416d1964 |||y0rusy50 ca
101 0 _arus
102 _aRU
105 _ay z |||||
200 1 _aНекоторые следствия применения теории унитарной симметрии к систематике сильновзаимодействующих частиц
210 _aДубна
_cБ. и.
_d1964
215 _a4 с.
_d22
225 1 _aОбъединенный институт ядерных исследований. [Издания]
_fЛаборатория ядерных проблем
_vР-1889
300 _aОтпеч. множит. аппаратом
320 _aБиблиогр.: с. 4
700 1 _aМариш
_bК. С.
801 0 _aRU
_bNLR
_gpsbo
801 1 _aRU
_bELAR
_2rusmarc
852 _aNLR
_jП11/2061
942 _cBOOK
980 _aNB